000 00627nam a2200181Ia 4500
008 100920s9999 xx 000 0 und d
082 _b61289
_a375 थ 85
100 _aमोघे मनोहर मो.
245 _aसंवादातून विज्ञान : 4.
260 _bअनिरुध्द साहित्य, पुणे.
_c1985
300 _a79
_bसाधी
365 _b15
520 _aशालो.
630 _aसंवादातून विज्ञान : 4.
650 _aशालो.
730 _aसंवादातून विज्ञान : 4.
942 _cBOOK
999 _c704513
_d704510